000 00540nam a2200169Ia 4500
008 110201s9999 xx 000 0 und d
082 _bB2296
_aK 1189
100 _aगडकर अरविंद गजेंद्र
245 _aमेघना
260 _bऊँकार प्रकाशन
365 _b13
600 _aगडकर अरविंद गजेंद्र
630 _aमेघना
700 _aगडकर अरविंद गजेंद्र
730 _aमेघना
942 _cBOOK
999 _c829355
_d829352